000 00422nam a2200181Ia 4500
008 240510s9999 xx 000 0 und d
041 _aEng
082 _a519.3
082 _bV14
100 _aVAIDA S.
245 3 _aAN INTRODUCTION TO LINEAR PROGRAMMING AND THE THEORY OF GAMES
260 _bLONDON : WILEY
260 _c1960
300 _a76 p.
650 _aLINEAR PROGRAMMING
942 _2ddc
942 _cLBK
999 _c23753
_d23753
945 _a1
_bMadushi Gamage
_c1
_dMadushi Gamage